[Event "VII Memorial Nicola Palladino A"]
[Site "Milano ITA"]
[Date "2015.04.04"]
[Round "3"]
[White "Pirrello, Christian"]
[Black "Burani, Eugenio"]
[WhiteElo "1896"]
[BlackElo "1800"]
[Result "1-0"]
[PlyCount "215"]
[EventDate "2015.04.02"]

1. d4 Nf6 2. c4 c5 3. d5 e6 4. Nc3 exd5 5. cxd5 d6 6. e4 g6 7. Bd3 Bg7 8. Nf3
O-O 9. h3 b5 10. Nxb5 Nxe4 11. O-O Ba6 12. Na3 Nf6 13. Bxa6 Nxa6 14. Nc4 Nc7
15. Bf4 Nfe8 16. Ng5 Qf6 17. Qd2 Rd8 18. Ne4 Qf5 19. Nexd6 Qxd5 20. Qxd5 Nxd5
21. Bg3 Nb6 22. Rad1 Nxc4 23. Nxc4 Bd4 24. Ne5 Ng7 25. Nc6 Rd7 26. b4 Nf5 27.
Be5 f6 28. Bxd4 cxd4 29. Rd3 Rc8 30. b5 a6 31. a4 axb5 32. axb5 Rb7 33. Rfd1
Rxb5 34. Na7 Rcc5 35. Nxb5 Rxb5 36. g3 h5 37. Kg2 Re5 38. g4 hxg4 39. hxg4 Nh6
40. f3 f5 41. Rxd4 fxg4 42. fxg4 Rg5 43. Kf3 Ra5 44. Kf4 g5+ 45. Kf3 Ra3+ 46.
R1d3 Ra1 47. Rb4 Nf7 48. Rb8+ Kg7 49. Rd7 Rf1+ 50. Ke2 Rf6 51. Rbb7 Kg6 52. Kd2
Kg7 53. Ke3 Kg6 54. Kd4 Kg7 55. Kd5 Kg6 56. Rb8 Kg7 57. Rc7 Kh7 58. Rf8 Kg7 59.
Rcc8 Rd6+ 60. Kc5 Rf6 61. Rg8+ Kh7 62. Rcf8 Rf4 63. Kd5 Rxg4 64. Ke6 Rf4 65.
Ke7 Nh6 66. Rxg5 Re4+ 67. Kd6 Ng4 68. Rf1 Kh6 69. Ra5 Ne3 70. Rh1+ Kg7 71. Ra7+
Kg6 72. Rg1+ Kf6 73. Rh7 Nf5+ 74. Kd7 Rd4+ 75. Ke8 Nd6+ 76. Kf8 Ke6 77. Re1+
Kd5 78. Ke7 Nc4 79. Rh5+ Kc6 80. Re6+ Kc7 81. Rc5+ Kb7 82. Kf6 Nd2 83. Rce5 Rd3
84. Kf5 Rf3+ 85. Kg4 Rd3 86. Rf5 Rd4+ 87. Kh5 Rd7 88. Kg4 Rd4+ 89. Kg3 Rd7 90.
Kf2 Kc7 91. Ke2 Nb3 92. Ke3 Kc8 93. Rf2 Rb7 94. Rb2 Kd7 95. Rh6 Nc5 96. Rxb7+
Nxb7 97. Kd4 Nd6 98. Kd5 Nb5 99. Rh7+ Ke8 100. Rb7 Nc3+ 101. Ke5 Kd8 102. Rb3
Ne2 103. Ke4 Kc7 104. Re3 Ng1 105. Kf4 Kd6 106. Kg3 Kd5 107. Kg2 Kd4 108. Re8
1-0

[Event "VII Memorial Nicola Palladino A"]
[Site "Milano ITA"]
[Date "2015.04.04"]
[Round "3"]
[White "Podetti, Davide"]
[Black "Steinhauser, Thomas"]
[WhiteElo "1974"]
[BlackElo "2110"]
[Result "1-0"]
[PlyCount "43"]
[EventDate "2015.04.02"]

1. e4 Nf6 2. e5 Nd5 3. d4 d6 4. Bc4 Nb6 5. Bb3 Nc6 6. e6 fxe6 7. Nf3 Na5 8. Ng5
Nxb3 9. axb3 Nd5 10. O-O g6 11. Qf3 Nf6 12. Re1 c6 13. Nxe6 Bxe6 14. Rxe6 Bg7
15. Nc3 O-O 16. Bg5 Rf7 17. Qd3 d5 18. Rae1 Qd7 19. Bh4 Ne4 20. Qh3 Bxd4 21.
Nxe4 dxe4 22. Rxg6+ 1-0

[Event "VII Memorial Nicola Palladino A"]
[Site "Milano ITA"]
[Date "2015.04.04"]
[Round "3"]
[White "Tagliaferri, Valerio"]
[Black "Baronio, Gaia"]
[WhiteElo "1820"]
[BlackElo "1845"]
[Result "0-1"]
[PlyCount "30"]
[EventDate "2015.04.02"]

1. d4 d5 2. Nf3 Nf6 3. e3 Bf5 4. c4 c6 5. Nc3 e6 6. b3 Be7 7. Be2 h6 8. Bb2 O-O
9. Ne5 Nbd7 10. O-O Rc8 11. f4 Ne4 12. cxd5 cxd5 13. Nxe4 Bxe4 14. Nxd7 Qxd7
15. Qd2 Rc2 0-1

[Event "VII Memorial Nicola Palladino A"]
[Site "Milano ITA"]
[Date "2015.04.04"]
[Round "4"]
[White "Astengo, Corrado"]
[Black "Cantoro, Daniele"]
[WhiteElo "2100"]
[BlackElo "2105"]
[Result "1/2-1/2"]
[PlyCount "43"]
[EventDate "2015.04.02"]

1. e4 c5 2. Nf3 Nc6 3. d4 cxd4 4. Nxd4 Nf6 5. Nc3 e5 6. Ndb5 d6 7. Bg5 a6 8.
Na3 b5 9. Bxf6 gxf6 10. Nd5 Bg7 11. c3 O-O 12. Nc2 f5 13. exf5 Bxf5 14. Nce3
Be6 15. Bd3 f5 16. O-O Ra7 17. a4 Ne7 18. Nxe7+ Rxe7 19. axb5 axb5 20. Bxb5 d5
21. Ra6 Kh8 22. Rxe6 1/2-1/2

[Event "VII Memorial Nicola Palladino A"]
[Site "Milano ITA"]
[Date "2015.04.04"]
[Round "4"]
[White "Baronio, Gaia"]
[Black "Steinhauser, Thomas"]
[WhiteElo "1845"]
[BlackElo "2110"]
[Result "0-1"]
[PlyCount "92"]
[EventDate "2015.04.02"]

1. e4 Nf6 2. e5 Nd5 3. d4 d6 4. Nf3 Bg4 5. Be2 e6 6. O-O Be7 7. exd6 cxd6 8. c4
Nb6 9. Nc3 O-O 10. b3 Nc6 11. Be3 d5 12. c5 Nc8 13. a3 Bf6 14. b4 a6 15. Rc1
N8e7 16. Nb1 Nf5 17. Nbd2 g6 18. h3 Bxf3 19. Nxf3 Bg7 20. Qd2 Nxe3 21. Qxe3 Qf6
22. Rfd1 h5 23. Rb1 Rfb8 24. a4 a5 25. b5 Nb4 26. Qd2 Rc8 27. Rdc1 Kh7 28. Ng5+
Kg8 29. Nf3 Qe7 30. Ne1 Kh7 31. Nc2 Bh6 32. Ne3 Qf6 33. Qb2 Bg7 34. Rd1 Rxc5
35. dxc5 Qxb2 36. Rxb2 Bxb2 37. Rb1 Bd4 38. Rc1 Rc8 39. c6 bxc6 40. bxc6 Bxe3
41. fxe3 Rxc6 42. Rf1 Kg7 43. Bb5 Rc3 44. Be8 f5 45. Rf3 Nc6 46. g4 Ne5 0-1

[Event "VII Memorial Nicola Palladino A"]
[Site "Milano ITA"]
[Date "2015.04.04"]
[Round "4"]
[White "Cazzaniga, Walter"]
[Black "Podini, Francesco"]
[WhiteElo "2148"]
[BlackElo "2014"]
[Result "1-0"]
[PlyCount "59"]
[EventDate "2015.04.02"]

1. d4 e6 2. e4 c5 3. d5 exd5 4. exd5 d6 5. Nf3 Nf6 6. Be2 Be7 7. O-O O-O 8. h3
Re8 9. Bf4 a6 10. a4 Nbd7 11. c4 Ne4 12. Qc2 f5 13. Bd3 Ndf6 14. Nbd2 Bf8 15.
Rfe1 Nxd2 16. Nxd2 g6 17. Nf3 h6 18. Rxe8 Nxe8 19. a5 Bd7 20. b4 Rc8 21. Qb3
Bg7 22. Ra2 g5 23. Bd2 Rc7 24. bxc5 dxc5 25. Bc3 Bxc3 26. Qxc3 Qf6 27. Qxf6
Nxf6 28. Ne5 Ne4 29. Bxe4 fxe4 30. d6 1-0

[Event "VII Memorial Nicola Palladino A"]
[Site "Milano ITA"]
[Date "2015.04.04"]
[Round "4"]
[White "Cerioni, Armando"]
[Black "Cavalleri, Giuseppe"]
[WhiteElo "1951"]
[BlackElo "1802"]
[Result "1-0"]
[PlyCount "91"]
[EventDate "2015.04.02"]

1. Nf3 d5 2. c4 c6 3. d4 Nf6 4. Nc3 e6 5. Bg5 Be7 6. e3 O-O 7. Bd3 dxc4 8. Bxc4
Nd5 9. Bxe7 Qxe7 10. O-O Nd7 11. e4 N5f6 12. Re1 Rd8 13. Rc1 Nb6 14. Bb3 h6 15.
e5 Nfd5 16. Ne4 Nc7 17. g4 Ne8 18. g5 h5 19. Bc2 Nd5 20. Nh4 g6 21. Kh1 b6 22.
Nf6+ Nexf6 23. gxf6 Nxf6 24. exf6 Qxf6 25. Nxg6 fxg6 26. Rg1 Qxd4 27. Rxg6+ Kf7
28. Qf3+ Ke7 29. Rd1 Qe5 30. Rxd8 Kxd8 31. Qxc6 Qd5+ 32. Be4 Qxc6 33. Bxc6 Rb8
34. Rh6 Kc7 35. Bf3 Kd6 36. Rxh5 Bd7 37. h4 Rc8 38. Kg2 Rc2 39. Rh8 Rxb2 40. h5
Rb5 41. h6 Rg5+ 42. Kh2 Rg6 43. h7 Rh6+ 44. Kg1 Rg6+ 45. Kf1 Bb5+ 46. Ke1 1-0

[Event "VII Memorial Nicola Palladino A"]
[Site "Milano ITA"]
[Date "2015.04.04"]
[Round "4"]
[White "Giacometto, Mario"]
[Black "Burani, Eugenio"]
[WhiteElo "1944"]
[BlackElo "1800"]
[Result "0-1"]
[PlyCount "74"]
[EventDate "2015.04.02"]

1. e4 c5 2. Nf3 Nf6 3. Nc3 Nc6 4. d4 cxd4 5. Nxd4 e5 6. Ndb5 d6 7. Bg5 a6 8.
Bxf6 gxf6 9. Na3 b5 10. Nd5 Be6 11. Bd3 f5 12. c4 fxe4 13. Bxe4 Rc8 14. O-O Nd4
15. Ne3 Qg5 16. f4 Qh4 17. Qd3 b4 18. Nac2 Nxc2 19. Qxc2 exf4 20. Nf5 Qg5 21.
Rae1 Rg8 22. Re2 Kd8 23. b3 Rc5 24. Nd4 Bg7 25. Nc6+ Kc7 26. Nxb4 Bd4+ 27. Kh1
Ra5 28. Nc6 Bb6 29. Nxa5 Bxa5 30. a3 Bb6 31. b4 Be3 32. Qa4 Bd7 33. Qxa6 f5 34.
Qb7+ Kd8 35. Bf3 Rg6 36. Rd1 Qh4 37. Bc6 Qxh2+ 0-1

[Event "VII Memorial Nicola Palladino A"]
[Site "Milano ITA"]
[Date "2015.04.04"]
[Round "4"]
[White "Pelizzola, Danilo"]
[Black "Motola, Jacopo"]
[WhiteElo "2043"]
[BlackElo "2240"]
[Result "1-0"]
[PlyCount "115"]
[EventDate "2015.04.02"]

1. e4 c5 2. Nf3 Nc6 3. d4 cxd4 4. Nxd4 Nf6 5. Nc3 e5 6. Ndb5 d6 7. Nd5 Nxd5 8.
exd5 Nb8 9. c4 a6 10. Nc3 Be7 11. Be2 O-O 12. O-O f5 13. f4 Bf6 14. Qc2 Nd7 15.
Rb1 e4 16. Be3 b6 17. Kh1 Kh8 18. g4 g6 19. g5 Bg7 20. h4 h5 21. Rfc1 Kh7 22.
Qd1 Bb7 23. Kg2 Qe7 24. Bf1 Rfe8 25. Ne2 b5 26. b3 bxc4 27. bxc4 Nc5 28. Nd4
Kg8 29. Rb6 a5 30. Rcb1 Ra6 31. R6b5 Raa8 32. Be2 a4 33. Rb6 a3 34. Kg3 Ra6 35.
Nxf5 gxf5 36. Bxc5 Rxb6 37. Bxb6 Ba6 38. Qc2 Bb2 39. c5 Bxe2 40. Qxe2 dxc5 41.
Qxh5 Qd6 42. g6 Bg7 43. Qxf5 Rf8 44. Qe6+ Qxe6 45. dxe6 c4 46. Bc5 Rc8 47. e7
Bf6 48. Bxa3 c3 49. Re1 c2 50. Kg4 Bxe7 51. Bc1 Kg7 52. Rxe4 Bf6 53. h5 Rc3 54.
Re2 Bd4 55. a4 Rc4 56. a5 Bc5 57. a6 Bb6 58. a7 1-0

[Event "VII Memorial Nicola Palladino A"]
[Site "Milano ITA"]
[Date "2015.04.04"]
[Round "4"]
[White "Pirrello, Christian"]
[Black "D'Alfonso, Nicola"]
[WhiteElo "1896"]
[BlackElo "2049"]
[Result "0-1"]
[PlyCount "88"]
[EventDate "2015.04.02"]

1. d4 f5 2. c4 Nf6 3. g3 e6 4. Bg2 c6 5. Nf3 d5 6. O-O Bd6 7. b3 Qe7 8. Bb2
Nbd7 9. Nc3 O-O 10. Nd2 b6 11. f3 f4 12. gxf4 Bxf4 13. e4 Nh5 14. Qe1 Qg5 15.
Rd1 Be3+ 16. Kh1 Nf4 17. Qg3 Qxg3 18. hxg3 Nd3 19. Ba3 Rf6 20. Bh3 Nf2+ 21.
Rxf2 Bxf2 22. Nf1 c5 23. exd5 Bxd4 24. dxe6 Rh6 25. Kg2 Nf8 26. Nb5 Bxe6 27.
Bxe6+ Nxe6 28. Bc1 Rf6 29. Be3 Rd8 30. Rd3 Rf7 31. Bxd4 cxd4 32. b4 a6 33. Na3
a5 34. bxa5 Nc5 35. Rd1 Ra7 36. Nb5 Rxa5 37. Rxd4 Rxd4 38. Nxd4 Rxa2+ 39. Kh3
Kf7 40. Ne3 Ne6 41. Nb5 g5 42. Nd5 h5 43. Nxb6 Kg6 44. Nd5 g4+ 0-1

[Event "VII Memorial Nicola Palladino A"]
[Site "Milano ITA"]
[Date "2015.04.04"]
[Round "4"]
[White "Podetti, Davide"]
[Black "Alm, Christopher"]
[WhiteElo "1974"]
[BlackElo "2133"]
[Result "1-0"]
[PlyCount "73"]
[EventDate "2015.04.02"]

1. e4 c6 2. d4 d5 3. Nc3 dxe4 4. Nxe4 Bf5 5. Ng3 Bg6 6. Bc4 e6 7. N1e2 Bd6 8.
O-O Nf6 9. f4 Bf5 10. Bd3 Qd7 11. Nxf5 exf5 12. Ng3 g6 13. Re1+ Kf8 14. Bd2 h5
15. Qf3 Qc7 16. c4 h4 17. Ne2 Kg7 18. c5 Bf8 19. Rad1 Nbd7 20. Nc3 Rd8 21. b4
Nd5 22. Nxd5 cxd5 23. Bc3 Nf6 24. Bd2 Ne4 25. Bxe4 fxe4 26. Qf2 f5 27. b5 Qd7
28. Rb1 Be7 29. Rec1 Rc8 30. Be3 Rh5 31. Qd2 Qd8 32. b6 axb6 33. Rxb6 Rc7 34.
Rcb1 Qc8 35. Qb2 Bd8 36. Rxb7 Rh7 37. Rb8 $138 1-0

[Event "VII Memorial Nicola Palladino A"]
[Site "Milano ITA"]
[Date "2015.04.05"]
[Round "5"]
[White "Astengo, Corrado"]
[Black "Podetti, Davide"]
[WhiteElo "2100"]
[BlackElo "1974"]
[Result "1/2-1/2"]
[PlyCount "45"]
[EventDate "2015.04.02"]

1. e4 e5 2. Nf3 Nc6 3. d4 exd4 4. Bc4 Nf6 5. e5 d5 6. Bb5 Ne4 7. Nxd4 Bd7 8.
Bxc6 bxc6 9. O-O Bc5 10. Be3 O-O 11. f3 Ng5 12. f4 Ne4 13. Nd2 Nxd2 14. Qxd2
Qe7 15. Nb3 Bb6 16. Qf2 f6 17. Bc5 Rae8 18. Bxe7 Bxf2+ 19. Rxf2 Rxe7 20. exf6
Rxf6 21. Nc5 Bf5 22. c3 Rf8 23. h3 1/2-1/2

[Event "VII Memorial Nicola Palladino A"]
[Site "Milano ITA"]
[Date "2015.04.05"]
[Round "5"]
[White "Baronio, Gaia"]
[Black "Giacometto, Mario"]
[WhiteElo "1845"]
[BlackElo "1944"]
[Result "0-1"]
[PlyCount "44"]
[EventDate "2015.04.02"]

1. e4 d5 2. exd5 Nf6 3. Nf3 Nxd5 4. d4 g6 5. c4 Nb6 6. h3 Bg7 7. Be3 O-O 8. Nc3
Nc6 9. Rc1 Re8 10. Be2 Bf5 11. O-O Qc8 12. Qd2 Rd8 13. Rfd1 e5 14. d5 e4 15.
Nd4 Ne5 16. b3 a5 17. Qe1 a4 18. Nxf5 gxf5 19. Bxb6 cxb6 20. Nxa4 Rd6 21. Nc3
Rg6 22. Bf1 Nf3+ 0-1

[Event "VII Memorial Nicola Palladino A"]
[Site "Milano ITA"]
[Date "2015.04.05"]
[Round "5"]
[White "Burani, Eugenio"]
[Black "Cerioni, Armando"]
[WhiteElo "1800"]
[BlackElo "1951"]
[Result "0-1"]
[PlyCount "92"]
[EventDate "2015.04.02"]

1. e4 e6 2. d4 d5 3. e5 c5 4. c3 Qb6 5. Nf3 Nc6 6. a3 c4 7. Be2 Bd7 8. O-O Na5
9. Nbd2 Ne7 10. Qe1 Ba4 11. Bd1 Bxd1 12. Qxd1 Nec6 13. Rb1 Be7 14. Re1 Rc8 15.
Qc2 Qc7 16. Nf1 O-O 17. Ng5 g6 18. h4 Kg7 19. h5 Rce8 20. Ng3 Qd8 21. h6+ Kg8
22. f4 Qd7 23. f5 gxf5 24. Nh5 Kh8 25. Ng7 Rc8 26. Qe2 Nd8 27. Qh5 Rc6 28. g4
f6 29. exf6 Rxf6 30. Bf4 Rg6 31. gxf5 exf5 32. Kf1 Bxg5 33. Bxg5 Ne6 34. Nxe6
Rcxe6 35. Qh4 Qf7 36. Re5 Rxe5 37. dxe5 Nc6 38. Bf6+ Kg8 39. Re1 Kf8 40. Qf4
Qe6 41. Re3 Rg4 42. Qf2 f4 43. Rf3 Qf5 44. Qc5+ Ke8 45. Qxd5 Qb1+ 46. Kf2 Qg1+
0-1

[Event "VII Memorial Nicola Palladino A"]
[Site "Milano ITA"]
[Date "2015.04.05"]
[Round "5"]
[White "Cantoro, Daniele"]
[Black "D'Alfonso, Nicola"]
[WhiteElo "2105"]
[BlackElo "2049"]
[Result "1-0"]
[PlyCount "83"]
[EventDate "2015.04.02"]

1. d4 f5 2. c4 Nf6 3. h3 d5 4. cxd5 Nxd5 5. Nc3 e6 6. Nf3 Nd7 7. Qb3 N7f6 8.
Bg5 Be7 9. e3 O-O 10. Bc4 c6 11. O-O Kh8 12. a3 Nxc3 13. Qxc3 Ne4 14. Bxe7 Qxe7
15. Qc2 Ng5 16. Ne5 Rf6 17. f4 Nf7 18. Be2 Bd7 19. b4 Nd6 20. Bf3 Rg8 21. h4
Rh6 22. g3 Be8 23. Qe2 Ne4 24. Bxe4 fxe4 25. Qc2 Bg6 26. Rf2 Rh5 27. Rd1 Be8
28. Qc5 Qd8 29. Rh2 a6 30. a4 h6 31. Qc2 g5 32. hxg5 Kg7 33. Rxh5 Bxh5 34. Qh2
Qe8 35. g4 Kh7 36. Kf2 hxg5 37. Rh1 gxf4 38. Qxh5+ Qxh5 39. Rxh5+ Kg7 40. Rg5+
Kh7 41. Rxg8 fxe3+ 42. Kxe3 1-0

[Event "VII Memorial Nicola Palladino A"]
[Site "Milano ITA"]
[Date "2015.04.05"]
[Round "5"]
[White "Cavalleri, Giuseppe"]
[Black "Tagliaferri, Valerio"]
[WhiteElo "1802"]
[BlackElo "1820"]
[Result "1-0"]
[PlyCount "69"]
[EventDate "2015.04.02"]

1. d4 Nf6 2. Nc3 e6 3. e4 d5 4. e5 Nfd7 5. Nce2 c5 6. c3 Nc6 7. f4 Be7 8. Nf3
O-O 9. g3 b6 10. Bg2 a5 11. O-O Ba6 12. Re1 Bxe2 13. Rxe2 b5 14. Be3 c4 15. g4
b4 16. h3 a4 17. Nd2 Qc7 18. Nf1 Rfb8 19. f5 a3 20. Bc1 Qa5 21. Qd2 h6 22. f6
gxf6 23. exf6 bxc3 24. bxc3 Bxf6 25. Ng3 Bg5 26. Qc2 Qd8 27. Rxe6 fxe6 28. Qg6+
Kh8 29. Qxe6 Nf8 30. Qxc6 Bxc1 31. Rxc1 Qg5 32. Rf1 Qe3+ 33. Kh2 Qe6 34. Rxf8+
Rxf8 35. Qxe6 1-0

[Event "VII Memorial Nicola Palladino A"]
[Site "Milano ITA"]
[Date "2015.04.05"]
[Round "5"]
[White "Cazzaniga, Walter"]
[Black "Pelizzola, Danilo"]
[WhiteElo "2148"]
[BlackElo "2043"]
[Result "1/2-1/2"]
[PlyCount "84"]
[EventDate "2015.04.02"]

1. d4 Nf6 2. c4 e6 3. Nf3 d5 4. Nc3 Be7 5. Bg5 O-O 6. e3 b6 7. Be2 Bb7 8. Bxf6
Bxf6 9. cxd5 exd5 10. b4 c5 11. bxc5 bxc5 12. Rb1 Qa5 13. Qd2 Bc6 14. O-O Nd7
15. Bb5 cxd4 16. Nxd4 Ne5 17. Bxc6 Nxc6 18. Rb5 Qa6 19. Rfb1 Ne7 20. Nxd5 Nxd5
21. Rxd5 Rad8 22. Nb5 Rxd5 23. Qxd5 Rd8 24. Qc4 Qa5 25. g3 g6 26. Nd4 Bxd4 27.
exd4 Rd5 28. h4 h5 29. Kg2 Kg7 30. a4 a6 31. Rb3 Rf5 32. Rb2 Kh7 33. Rb7 Kg7
34. Qa2 Qc3 35. Qb2 Qf3+ 36. Kg1 Qd1+ 37. Kh2 Kh7 38. d5 Qxd5 39. f4 Rf6 40.
Rb8 Qd6 41. a5 Qe7 42. Qd4 Qe2+ 1/2-1/2

[Event "VII Memorial Nicola Palladino A"]
[Site "Milano ITA"]
[Date "2015.04.05"]
[Round "5"]
[White "Motola, Jacopo"]
[Black "Pirrello, Christian"]
[WhiteElo "2240"]
[BlackElo "1896"]
[Result "1-0"]
[PlyCount "83"]
[EventDate "2015.04.02"]

1. e4 d5 2. exd5 Nf6 3. Nf3 Nxd5 4. d4 Bg4 5. Be2 e6 6. h3 Bh5 7. c4 Nf6 8. Nc3
Be7 9. Bf4 c6 10. Qd2 Nbd7 11. O-O O-O 12. Rfe1 Nb6 13. b3 Bb4 14. Qe3 Nc8 15.
Red1 Ne7 16. a3 Bd6 17. Be5 Bxf3 18. Bxf3 Ng6 19. b4 Qc7 20. Bxd6 Qxd6 21. g3
Ne7 22. b5 Rfd8 23. bxc6 Nxc6 24. Bg2 a6 25. d5 exd5 26. cxd5 Ne7 27. a4 Re8
28. Qd4 Rad8 29. Rab1 Qd7 30. Qa7 Rb8 31. a5 Nf5 32. Qb6 Nd6 33. Re1 Rec8 34.
Na4 Qxa4 35. Qxd6 Rd8 36. Rxb7 Rbc8 37. Qe7 Rd7 38. Rxd7 Nxd7 39. d6 Qxa5 40.
Qe8+ Rxe8 41. Rxe8+ Nf8 42. d7 1-0

[Event "VII Memorial Nicola Palladino A"]
[Site "Milano ITA"]
[Date "2015.04.05"]
[Round "5"]
[White "Steinhauser, Thomas"]
[Black "Alm, Christopher"]
[WhiteElo "2110"]
[BlackElo "2133"]
[Result "1/2-1/2"]
[PlyCount "22"]
[EventDate "2015.04.02"]

1. e4 e5 2. Nf3 Nc6 3. Bb5 Nf6 4. O-O Nxe4 5. d4 Nd6 6. Bxc6 dxc6 7. dxe5 Nf5
8. Qxd8+ Kxd8 9. h3 Ke8 10. Nc3 Be7 11. b3 b6 1/2-1/2

[Event "VII Memorial Nicola Palladino A"]
[Site "Milano ITA"]
[Date "2015.04.06"]
[Round "6"]
[White "Alm, Christopher"]
[Black "Cazzaniga, Walter"]
[WhiteElo "2133"]
[BlackElo "2148"]
[Result "0-1"]
[PlyCount "112"]
[EventDate "2015.04.02"]

1. c4 Nf6 2. g3 g6 3. Bg2 Bg7 4. Nc3 c5 5. Nf3 O-O 6. O-O Nc6 7. d4 cxd4 8.
Nxd4 Ng4 9. e3 d6 10. b3 Nxd4 11. exd4 Nh6 12. Bxh6 Bxh6 13. Qe2 Bg7 14. Rfd1
Rb8 15. Rac1 e6 16. c5 d5 17. b4 Bd7 18. a4 Re8 19. Qd2 g5 20. b5 h6 21. Na2
Qf6 22. Nb4 Rec8 23. Bf1 Qd8 24. Rc2 Be8 25. Rdc1 Qa5 26. f4 gxf4 27. c6 bxc6
28. Nxc6 Qxd2 29. Rxd2 Bxc6 30. bxc6 Rc7 31. a5 fxg3 32. hxg3 Rb4 33. Kg2 Bxd4
34. Kf3 e5 35. Rcc2 Kg7 36. Rh2 Rb3+ 37. Kg4 f5+ 38. Kxf5 Rf3+ 39. Ke6 Rf6+ 40.
Kxd5 Rxf1 41. Kd6 Rff7 42. Rc1 Rfe7 43. Rh4 Kg6 44. Re1 Bc3 45. Reh1 Bxa5 46.
Rxh6+ Kf5 47. R1h4 Rg7 48. Ra4 Bb6 49. g4+ Rxg4 50. Rxg4 Kxg4 51. Kxe5 Re7+ 52.
Kd6 Re1 53. Rh7 Rd1+ 54. Ke6 Rc1 55. Kd6 Rc3 56. Rxa7 Bxa7 0-1

[Event "VII Memorial Nicola Palladino A"]
[Site "Milano ITA"]
[Date "2015.04.06"]
[Round "6"]
[White "Burani, Eugenio"]
[Black "Cavalleri, Giuseppe"]
[WhiteElo "1800"]
[BlackElo "1802"]
[Result "1-0"]
[PlyCount "65"]
[EventDate "2015.04.02"]

1. e4 e5 2. Nf3 d6 3. d4 exd4 4. Nxd4 Nf6 5. Nc3 g6 6. Bg5 Bg7 7. Qd2 O-O 8.
O-O-O a6 9. h4 h5 10. Qf4 Re8 11. Bc4 Qe7 12. Nd5 Nxd5 13. exd5 Be5 14. Qd2 Qd7
15. Rhe1 b5 16. Bf1 Bb7 17. f4 Bg7 18. Rxe8+ Qxe8 19. f5 Bxd4 20. Qxd4 Qe5 21.
fxg6 fxg6 22. Qxe5 dxe5 23. d6 cxd6 24. Rxd6 Kf7 25. Rf6+ Kg7 26. Re6 Nc6 27.
Bd3 Nb4 28. Re7+ Kf8 29. Rxb7 Nxa2+ 30. Kd2 Nb4 31. Bxg6 Rc8 32. c3 Nd5 33.
Bh6+ 1-0

[Event "VII Memorial Nicola Palladino A"]
[Site "Milano ITA"]
[Date "2015.04.06"]
[Round "6"]
[White "Cerioni, Armando"]
[Black "Steinhauser, Thomas"]
[WhiteElo "1951"]
[BlackElo "2110"]
[Result "1/2-1/2"]
[PlyCount "163"]
[EventDate "2015.04.02"]

1. d4 Nf6 2. c4 c5 3. d5 b5 4. cxb5 a6 5. b6 d6 6. Nf3 g6 7. Nc3 Bg7 8. e4 Nbd7
9. a4 Qxb6 10. Nd2 O-O 11. a5 Qa7 12. Be2 Rb8 13. O-O Ne8 14. Nc4 Nc7 15. Na4
Nb5 16. Nab6 Nd4 17. Bd3 Ne5 18. Nxe5 Bxe5 19. f4 Bg7 20. f5 Rxb6 21. axb6 Qxb6
22. Kh1 Bb7 23. fxg6 hxg6 24. Be3 Ra8 25. h4 Qb3 26. Qxb3 Nxb3 27. Ra3 Nd4 28.
Bxd4 Bxd4 29. Rb3 Bc8 30. Ra1 Kg7 31. Ra5 Bg4 32. Kh2 Bf2 33. g3 g5 34. Kg2 Be1
35. Ra1 Bb4 36. Rxa6 Rh8 37. Ra1 Bd7 38. hxg5 Bh3+ 39. Kf2 Bg4 40. Bc4 Rh2+ 41.
Kg1 Rc2 42. Bf1 Bd2 43. Bg2 Bxg5 44. Rb1 Bf6 45. Rb7 Be2 46. b4 Bd3 47. bxc5
dxc5 48. Kh1 c4 49. Re1 Bc3 50. Rd1 Bf6 51. Re1 Be2 52. e5 Bg5 53. d6 exd6 54.
e6 Kf8 55. e7+ Bxe7 56. Rxe7 Kxe7 57. Bf1 Kf6 58. Bxe2 d5 59. Kg2 d4 60. Kf3 d3
61. Bd1 Rb2 62. Ke3 Ke5 63. Bf3 d2 64. Rd1 Rb3+ 65. Ke2 c3 66. Kd3 Ra3 67. Rh1
c2+ 68. Kxc2 Rxf3 69. Kxd2 Rxg3 70. Rh4 f5 71. Ke2 Ra3 72. Kf2 f4 73. Rh8 Ra2+
74. Kf3 Ra3+ 75. Kf2 Re3 76. Re8+ Kd4 77. Rxe3 fxe3+ 78. Ke2 Ke4 79. Ke1 Kd5
80. Ke2 Kd4 81. Ke1 Kd3 82. Kd1 1/2-1/2

[Event "VII Memorial Nicola Palladino A"]
[Site "Milano ITA"]
[Date "2015.04.06"]
[Round "6"]
[White "D'Alfonso, Nicola"]
[Black "Motola, Jacopo"]
[WhiteElo "2049"]
[BlackElo "2240"]
[Result "1/2-1/2"]
[PlyCount "80"]
[EventDate "2015.04.02"]

1. Nf3 d5 2. g3 Nf6 3. Bg2 c6 4. O-O Bg4 5. d3 Nbd7 6. Nbd2 e6 7. e4 Be7 8. Re1
dxe4 9. dxe4 e5 10. h3 Bxf3 11. Nxf3 Qc7 12. c3 O-O 13. Qe2 Rad8 14. Bg5 Nc5
15. Nh4 h6 16. Bxf6 Bxf6 17. Nf5 Kh7 18. Rad1 b6 19. h4 Rxd1 20. Rxd1 Rd8 21.
b4 Nb7 22. Ne3 Rxd1+ 23. Qxd1 Qd6 24. Qf3 Nd8 25. Qf5+ Kg8 26. Qc8 Qe6 27. Qb8
Qxa2 28. Ng4 Qe6 29. Bh3 Qe7 30. Nxf6+ gxf6 31. Qc8 a5 32. bxa5 bxa5 33. Qa8
Qc7 34. Bf5 Kg7 35. Qa6 Ne6 36. Qe2 Kf8 37. Qh5 a4 38. Bxe6 fxe6 39. Qxh6+ Ke7
40. Qg7+ Kd6 1/2-1/2

[Event "VII Memorial Nicola Palladino A"]
[Site "Milano ITA"]
[Date "2015.04.06"]
[Round "6"]
[White "Giacometto, Mario"]
[Black "Pirrello, Christian"]
[WhiteElo "1944"]
[BlackElo "1896"]
[Result "1-0"]
[PlyCount "93"]
[EventDate "2015.04.02"]

1. e4 e6 2. d4 d5 3. e5 c5 4. c3 Nc6 5. Nf3 Qb6 6. a3 c4 7. Nbd2 Bd7 8. Be2
Nge7 9. Bxc4 Nf5 10. Bd3 g6 11. O-O a6 12. Re1 Qc7 13. a4 Na7 14. Nf1 Rb8 15.
Bg5 Bg7 16. Bxf5 gxf5 17. Ng3 Nc6 18. Nh5 Rg8 19. Nxg7+ Rxg7 20. Bf6 Rg8 21.
Qd2 Ne7 22. Qh6 Rg6 23. Qxh7 Ng8 24. Bg7 Ke7 25. Nh4 Rg5 26. Qh8 Qd8 27. Bf6+
Nxf6 28. Qxf6+ Kf8 29. Qxd8+ Rxd8 30. f4 Rg4 31. g3 Rc8 32. a5 Rg8 33. Kf2 Kg7
34. Nf3 Rc7 35. Ng5 Rgc8 36. h3 Rc6 37. g4 fxg4 38. hxg4 Rh8 39. Rh1 Rcc8 40.
Kg2 Rxh1 41. Rxh1 Be8 42. f5 exf5 43. gxf5 Rc7 44. Rh7+ Kg8 45. f6 Bc6 46. Rg7+
Kf8 47. Ne6+ 1-0

[Event "VII Memorial Nicola Palladino A"]
[Site "Milano ITA"]
[Date "2015.04.06"]
[Round "6"]
[White "Pelizzola, Danilo"]
[Black "Astengo, Corrado"]
[WhiteElo "2043"]
[BlackElo "2100"]
[Result "1/2-1/2"]
[PlyCount "26"]
[EventDate "2015.04.02"]

1. e4 c5 2. Nf3 e6 3. d4 cxd4 4. Nxd4 Nc6 5. Nb5 d6 6. c4 Nf6 7. N1c3 a6 8. Na3
Be7 9. Be2 O-O 10. O-O Qc7 11. Be3 Bd7 12. Rc1 Rac8 13. f4 Rfe8 1/2-1/2

[Event "VII Memorial Nicola Palladino A"]
[Site "Milano ITA"]
[Date "2015.04.06"]
[Round "6"]
[White "Podetti, Davide"]
[Black "Cantoro, Daniele"]
[WhiteElo "1974"]
[BlackElo "2105"]
[Result "1/2-1/2"]
[PlyCount "83"]
[EventDate "2015.04.02"]

1. e4 c5 2. Nc3 Nc6 3. g3 g6 4. Bg2 Bg7 5. d3 d6 6. f4 e6 7. Nf3 Nge7 8. O-O
O-O 9. Be3 Nd4 10. Qd2 Rb8 11. Nd1 b5 12. c3 Nxf3+ 13. Bxf3 b4 14. d4 bxc3 15.
Nxc3 cxd4 16. Bxd4 Bxd4+ 17. Qxd4 Nc6 18. Qf2 Qb6 19. Qxb6 Rxb6 20. Rfd1 Rd8
21. Rd2 Kf8 22. Rc1 Bb7 23. Kf2 Ke7 24. b3 Na5 25. Rdc2 Kd7 26. Ke3 Rc8 27. Ne2
Rxc2 28. Rxc2 Nc6 29. Nd4 e5 30. Nxc6 Rxc6 31. Rxc6 Kxc6 32. Be2 Kc5 33. a3 a5
34. Bc4 f5 35. fxe5 fxe4 36. exd6 Kxd6 37. Kd4 h6 38. b4 axb4 39. axb4 g5 40.
Bg8 Bc6 41. Bh7 Bd7 42. b5 1/2-1/2